00265 a2200109 4500001000700000020000600007040001100013100002500024240005100049245004600100362000900146165147 a  cMagnum aSacristan, J. Gimeno10aO curriculo: uma reflexao sobre a praticalpor10aO curriculo: uma reflexao sobre a pratica0 a1899